000
00261nam a22001217a 4500
008
181102b xxu||||| |||| 00| 0 eng d
041
_a
eng
080
_2
4th
_a
541
100
_a
12
101
_a
KIM
245
_a
Vitalized Chemistry
_c
Jardins
942
_2
udc
_c
BK
999
_c
51727
_d
51727